Statistics for 1. Zászló Színező Rejtvény

Click here to take the quiz!

General Stats

  • This quiz has been taken 65 times
  • The average score is 3 of 6

Answers on the Map

Answers color-coded by a green-red scale on the quiz's map according to % correct below.
 

Answer Stats

Answer% Correct
fehér
83%
piros
55%
zöld
52%
fekete
50%
sárga
40%
kék
38%

Score Distribution

Percentile by Number Answered

Percent of People with Each Score

Your Score History

You have not taken this quiz